000 00696nam a2200241 a 4500
001 37410
003 AR-BaAGN
005 20231114123010.0
007 ta
008 220625s19uu xx |||||r|||| ||||||spa d
040 _dAR-BaAGN
_aAR-BaAGN
_bspa
_eaacr
100 1 _aAlonso Piñeiro, Armando,
_d1934-
_96653
245 1 0 _aEl fraude de la tercera vía
250 _a1ª ed.
260 _a[Lugar de publicación no identificado] :
_bNuevo Hacer Grupo Editor Latinoamericano,
_c[19--?]
300 _a195 páginas
336 _2rdacontent
_btxt
337 _2rdamedia
_bn
338 _2rdacarrier
_bnc
490 0 _aColección Estudios Políticos y Sociales
942 _cLIBRO
999 _c37410
_d37410